Australian Survivor 2016: Elimination Order - Statistics

General Stats
  • This quiz has been taken 99 times
  • The average score is 19 of 24
Answer Stats
Placing Castaway Tribe % Correct
Runner up Lee Carseldine Fiafia
91%
7th Brooke Jowett Fiafia
89%
24th Des Quilty Aganoa
89%
3rd Elena “El” Rowland Fiafia
86%
4th Felicity “Flick” Egginton Fiafia
86%
14th Phoebe Timmins Vavau
86%
11th Nick Iadanza Fiafia
84%
20th Barry Lea Vavau
82%
13th Conner Bethune Fiafia
82%
Sole Survivor Kristie Bennett Fiafia
82%
5th Matt Tarrant Fiafia
81%
6th Sam Webb Fiafia
81%
23rd Bianca Anderson Sa’anapu
79%
15th Craig I’anson Vavau
79%
22nd Evan Jones Aganoa
79%
21st Peter Fiegehen Sa’anapu
77%
18th Rohan MacLaren Vavau
77%
9th Sue Clarke Fiafia
77%
17th Katherine “Kat” Dumont Vavau
75%
8th Jenna-Louise Salkeld Fiafia
74%
16th Andrew Torrens Vavau
72%
12th Kate Campbell Fiafia
72%
10th Kylie Evans Fiafia
72%
19th Tegan Haining Sa’anapu
70%
No matching quizzes found
Score Distribution
Percent of People with Each Score
Percentile by Number Answered
Your Score History
You have not taken this quiz